عرض عادي عرض مارك
  • Cyberterrorism

مدخل مصطلح موضوعي

عدد التسجيلات المستخدمة في: 1

001 - رقم الضبط

  • حقل الضبط: 41814

003 - معرف رقم الضبط

  • حقل الضبط: OSt

005 - تاريخ ووقت أخر عملية

  • حقل الضبط: 20140108181352.0

008 - عناصر بيانات ثابتة الطول

  • حقل تحكم ثابت الطول: 140108|||a|||||| | ||| d

040 ## - مصدر الفهرسة

  • هيئة الفهرسة الأصلية: OSt
  • وكالة الكتابة: OSt

150 ## - مدخل-- مصطلح تاريخي

  • عنصر مدخل المصطلح الموضوعي او الاسم الجغرافي: Cyberterrorism
  • تفريع جغرافي: United States
  • تفريع عام: Prevention.

670 ## - بيانات المصدر موجوده

  • الاستشهاد بالمصدر: Work cat.: (OSt)0: Amoroso, Edward G. 41813, Cyber attacks :, 2013.